00461nam a2200181Ia 4500003000400000005001700004008004100021020001500062040000700077041000800084082001700092100002700109245004700136260004000183300001700223365001300240650002600253OSt20230609160030.0210423s2010 xx 000 0 und d a8125910840 cAL aeng a332.632 PANS aPANDIAN (Punithavathy) aSecurity analysis and portfolio management aNew DelhibVikas Publicationsc2010 axvii,464bPB b325cINR aInvestment Management